000 00300nam a22001217a 4500
041 _aENG
100 _aHinnawi E.
245 _aThe Environmental Imoacts Production and Use Of Energy
260 _aDelhi
_bUnited Nations Environment
_c1981
300 _a322
650 _aEOES
856 _uEOES ( 12 )
999 _c1213
_d1213